000 00457nam a2200181Ia 4500
001 25308
005 20260414151141.0
008 260414t2007||||xx |||||||||||||| ||spa||
041 _aESP
082 _a346.46
_bA87
100 _aAtoche Fernández, Paola
_eAUT
245 0 _aPrecedentes de observancia obligatoria del Indecopi
_b
260 _c2007
300 _a201 páginas :
_c24 cm.
650 _aDER
654 _aCDE
942 _cLIB
_dJUS
_fJUS
_2ddc
_n
999 _c25308
_d25308